000 00297nam a22001337a 4500
008 171103b xxu||||| |||| 00| 0 eng d
020 _a9780131400573
041 _aeng
080 _24TH
_a339.138
100 _a60
101 _aMAR
245 _aMARKETING RESEARCH
_cBURNS,A.C
942 _2udc
_cBK
999 _c37540
_d37540